<?xml version="1.0" encoding="UTF-8"?>
<collection xmlns="http://www.loc.gov/MARC21/slim">
 <record>
  <leader>01467nam a2200217Ia 4500</leader>
  <controlfield tag="001">CTU_180911</controlfield>
  <controlfield tag="008">210402s9999    xx            000 0 und d</controlfield>
  <datafield tag="020" ind1=" " ind2=" ">
   <subfield code="c">70000</subfield>
  </datafield>
  <datafield tag="082" ind1=" " ind2=" ">
   <subfield code="a">152.46</subfield>
  </datafield>
  <datafield tag="082" ind1=" " ind2=" ">
   <subfield code="b">J45</subfield>
  </datafield>
  <datafield tag="100" ind1=" " ind2=" ">
   <subfield code="a">Jeffers, Susan</subfield>
  </datafield>
  <datafield tag="245" ind1=" " ind2="0">
   <subfield code="a">Xuyên qua nỗi sợ =</subfield>
  </datafield>
  <datafield tag="245" ind1=" " ind2="0">
   <subfield code="b">Feel the fear...and do it anyway</subfield>
  </datafield>
  <datafield tag="245" ind1=" " ind2="0">
   <subfield code="c">Susan Jeffers ; Hồ Thị Việt Hà (dịch)</subfield>
  </datafield>
  <datafield tag="260" ind1=" " ind2=" ">
   <subfield code="a">Thành phố Hồ Chí Minh</subfield>
  </datafield>
  <datafield tag="260" ind1=" " ind2=" ">
   <subfield code="b">Tổng hợp Thành phố Hồ Chí Minh</subfield>
  </datafield>
  <datafield tag="260" ind1=" " ind2=" ">
   <subfield code="c">2012</subfield>
  </datafield>
  <datafield tag="520" ind1=" " ind2=" ">
   <subfield code="a">Bạn sợ ra quyết định, sợ đề nghị sếp về việc thăng chức và lên lương, sợ phải chấm dứt một mối quan hệ không như ý, sợ đối diện tương lai...? Cho dù nỗi sợ của bạn là gì đi nữa thì quyển sách &quot;Xuyên Qua Nỗi Sợ&quot; cũng sẽ giúp bạn nhận ra tâm lý và bản chất của nỗi sợ, đồng thời cung cấp cho bạn những công cụ cần thiết để xử lý các tình huống đó. Bạn sẽ không còn phải đau khổ, co mình lại hay sa sút tinh thần vì sợ hãi nữa, mà thay vào đó bạn sẽ trở nên mạnh mẽ, đầy sức sống và hứng khởi hơn</subfield>
  </datafield>
  <datafield tag="650" ind1=" " ind2=" ">
   <subfield code="a">Fear,Khiếp sợ</subfield>
  </datafield>
  <datafield tag="904" ind1=" " ind2=" ">
   <subfield code="i">Ngà,Hải</subfield>
  </datafield>
  <datafield tag="980" ind1=" " ind2=" ">
   <subfield code="a">Trung tâm Học liệu Trường Đại học Cần Thơ</subfield>
  </datafield>
 </record>
</collection>
